[Event "Barcelona Sant Marti op-B 19th"]
[Site "Barcelona"]
[Date "2017.07.18"]
[Round "6"]
[White "Recio Reyes, Sergio"]
[Black "Llombart Baiges, Jaime"]
[Result "1-0"]
[WhiteElo "1807"]
[BlackElo "1622"]
[PlyCount "79"]
[EventDate "2017.07.13"]
[EventType "swiss"]
[EventRounds "9"]
[EventCountry "ESP"]
[SourceTitle "EXT 2018"]
[Source "ChessBase"]
[SourceDate "2017.10.13"]
[SourceVersion "1"]
[SourceVersionDate "2017.10.13"]
[SourceQuality "1"]

1. d4 d5 2. Nf3 Bf5 3. c4 Nf6 4. Nc3 e6 5. Qb3 dxc4 6. Qxb7 Nbd7 7. e4 Bg6 8. Bxc4 Rb8 9. Qxa7 Bb4 10. Bf4 Bxc3+ 11. bxc3 Rc8 12. e5 Ne4 13. Rc1 0-0 14. 0-0 Nb6 15. Qa6 Ra8 16. Qb5 c6 17. Qb3 Rb8 18. Be3 Bh5 19. Bd3 Bxf3 20. gxf3 Ng5 21. Qd1 Nh3+ 22. Kh1 Qh4 23. Qd2 f5 24. f4 Nd5 25. Rfe1 Ndxf4 26. Bxf4 Nxf4 27. Re3 Nh3 28. Rg3 f4 29. Rg2 g5 30. Qe1 f3 31. Rg3 Rb2 32. Rc2 Rfb8 33. Rxf3 Rb1 34. Rc1 R1b2 35. Rc2 Rxc2 36. Bxc2 Rb2 37. Qc1 Rxa2 38. Qb1 g4 39. Qb8+ Kg7 40. Qf8# 1-0

[Event "Barcelona Sant Marti op-B 19th"]
[Site "Barcelona"]
[Date "2017.07.17"]
[Round "5"]
[White "Llombart Baiges, Jaime"]
[Black "Minos Constante, Pablo"]
[Result "0-1"]
[WhiteElo "1622"]
[BlackElo "1742"]
[PlyCount "50"]
[EventDate "2017.07.13"]
[EventType "swiss"]
[EventRounds "9"]
[EventCountry "ESP"]
[SourceTitle "EXT 2018"]
[Source "ChessBase"]
[SourceDate "2017.10.13"]
[SourceVersion "1"]
[SourceVersionDate "2017.10.13"]
[SourceQuality "1"]

1. e4 c5 2. Nf3 Nc6 3. Bc4 e6 4. Nc3 Nge7 5. 0-0 d5 6. exd5 Nxd5 7. Bxd5 exd5 8. Re1+ Be7 9. Ne5 Nxe5 10. Rxe5 Be6 11. Qe1 d4 12. Nd1 0-0 13. d3 Bd6 14. Re2 Qc7 15. h3 Qd7 16. f4 Rfe8 17. Nf2 b6 18. Ne4 Bc7 19. Qf2 Bd5 20. Bd2 f5 21. Ng5 Rxe2 22. Qxe2 Re8 23. Qf2 Re7 24. Nf3 Qe8 25. b3 Re2 0-1

[Event "Barcelona Sant Marti op-B 19th"]
[Site "Barcelona"]
[Date "2017.07.16"]
[Round "4"]
[White "Madrid Sole, Antonio"]
[Black "Llombart Baiges, Jaime"]
[Result "1-0"]
[WhiteElo "1772"]
[BlackElo "1622"]
[PlyCount "57"]
[EventDate "2017.07.13"]
[EventType "swiss"]
[EventRounds "9"]
[EventCountry "ESP"]
[SourceTitle "EXT 2018"]
[Source "ChessBase"]
[SourceDate "2017.10.13"]
[SourceVersion "1"]
[SourceVersionDate "2017.10.13"]
[SourceQuality "1"]

1. d4 d5 2. Nf3 Nf6 3. e3 Bf5 4. c4 e6 5. Qb3 Qc8 6. cxd5 Nxd5 7. Nbd2 Nb6 8. e4 Bg6 9. a4 a5 10. Bb5+ N8d7 11. d5 exd5 12. exd5 Bd6 13. Qe3+ Kd8 14. 0-0 Re8 15. Qd4 Be5 16. Nxe5 Rxe5 17. Nf3 Rf5 18. Qxg7 c6 19. dxc6 bxc6 20. Be2 Kc7 21. Nd4 Nf6 22. Nxf5 Qxf5 23. Qh6 Nbd5 24. Qg5 Qd7 25. Bf3 Rg8 26. Bxd5 cxd5 27. Qxf6 Be4 28. Bf4+ Kb7 29. Bg3 1-0

[Event "Barcelona Sant Marti op-B 19th"]
[Site "Barcelona"]
[Date "2017.07.14"]
[Round "2"]
[White "Robaina Bordon, Hector"]
[Black "Llombart Baiges, Jaime"]
[Result "1/2-1/2"]
[WhiteElo "1805"]
[BlackElo "1622"]
[PlyCount "113"]
[EventDate "2017.07.13"]
[EventType "swiss"]
[EventRounds "9"]
[EventCountry "ESP"]
[SourceTitle "EXT 2018"]
[Source "ChessBase"]
[SourceDate "2017.10.13"]
[SourceVersion "1"]
[SourceVersionDate "2017.10.13"]
[SourceQuality "1"]

1. d4 d5 2. Nf3 Bf5 3. Bf4 e6 4. e3 Nf6 5. h3 Bd6 6. Ne5 Nbd7 7. Bd3 Bg6 8. Bxg6 hxg6 9. Nd2 Nh5 10. Bh2 Nhf6 11. c3 Nb6 12. a4 Nfd7 13. a5 Nc8 14. a6 bxa6 15. Ndf3 Ncb6 16. Rxa6 Bxe5 17. Bxe5 Nxe5 18. Nxe5 Qg5 19. Qf3 0-0 20. 0-0 f6 21. Nc6 Nc4 22. Qe2 Rf7 23. Rfa1 f5 24. b3 Nd6 25. Ne5 Rff8 26. Rxa7 Rac8 27. Nd7 Rf7 28. Nc5 Qf6 29. Ra8 Rxa8 30. Rxa8+ Kh7 31. g3 e5 32. dxe5 Qxe5 33. Qd3 c6 34. Qd4 Qe7 35. Ra6 g5 36. Nd3 Nb5 37. Qe5 Qb7 38. Nc5 Qc8 39. c4 f4 40. Qe6 Qf8 41. Nd7 Rxd7 42. Qxd7 fxe3 43. fxe3 Qf3 44. cxb5 Qxe3+ 45. Kf1 Qf3+ 46. Ke1 Qe3+ 47. Kd1 Qd3+ 48. Kc1 Qc3+ 49. Kb1 Qxb3+ 50. Ka1 Qc3+ 51. Ka2 Qc2+ 52. Ka3 Qc3+ 53. Ka4 Qc4+ 54. Ka3 Qc3+ 55. Ka4 Qc4+ 56. Ka3 Qc3+ 57. Ka4 1/2-1/2

[Event "Barcelona Sant Marti op-B 19th"]
[Site "Barcelona"]
[Date "2017.07.13"]
[Round "1"]
[White "Llombart Baiges, Jaime"]
[Black "Husson, Cybele"]
[Result "1-0"]
[WhiteElo "1622"]
[BlackElo "1870"]
[PlyCount "81"]
[EventDate "2017.07.13"]
[EventType "swiss"]
[EventRounds "9"]
[EventCountry "ESP"]
[SourceTitle "EXT 2018"]
[Source "ChessBase"]
[SourceDate "2017.10.13"]
[SourceVersion "1"]
[SourceVersionDate "2017.10.13"]
[SourceQuality "1"]

1. e4 b6 2. d4 Bb7 3. d5 g6 4. Nf3 Bg7 5. Bd3 Nf6 6. 0-0 0-0 7. c4 d6 8. Nc3 a5 9. Be3 Ng4 10. Bd2 Nd7 11. h3 Nge5 12. Nxe5 Nxe5 13. Be2 Ba6 14. b3 e6 15. Rc1 Qe7 16. Rc2 g5 17. Qc1 h6 18. f4 gxf4 19. Bxf4 Kh7 20. Nd1 Rg8 21. Ne3 Ng6 22. Bh2 Raf8 23. Ng4 Bc8 24. Kh1 Bd7 25. Bd1 Qh4 26. Rcf2 f5 27. dxe6 Bc6 28. exf5 Qxh3 29. Qc2 Kh8 30. f6 Bxf6 31. Nxf6 Rxf6 32. Rxf6 Nf4 33. Rf3 Rxg2 34. Rf8+ Rg8 35. Rxg8+ Kxg8 36. Qf2 Kh8 37. Kg1 Qg4+ 38. Kf1 Qh5 39. Qd4+ Kh7 40. Bc2+ Kg8 41. Rg3+ 1-0

[Event "Barcelona Sant Marti op-B 5th"]
[Site "Barcelona"]
[Date "2016.02.25"]
[Round "7"]
[White "Llombart Baiges, Jaime"]
[Black "Ferrer Ache, Jesus"]
[Result "1-0"]
[WhiteElo "1733"]
[BlackElo "1538"]
[PlyCount "51"]
[EventDate "2016.01.14"]
[EventType "swiss"]
[EventRounds "9"]
[EventCountry "ESP"]
[SourceTitle "EXT 2017"]
[Source "ChessBase"]
[SourceDate "2016.10.25"]
[SourceVersion "1"]
[SourceVersionDate "2016.10.25"]
[SourceQuality "1"]

1. e4 e5 2. f4 Nc6 3. Nf3 d6 4. Bb5 Bd7 5. 0-0 Be7 6. Nc3 a6 7. Bxc6 bxc6 8. fxe5 Be6 9. exd6 cxd6 10. d4 Bg4 11. Qd3 Qc7 12. e5 d5 13. Ng5 Bxg5 14. Bxg5 h6 15. Bf4 Qd7 16. Na4 Bf5 17. Qg3 Bg6 18. Nc5 Qe7 19. e6 Nf6 20. Rae1 Be4 21. Nxe4 Nxe4 22. Qxg7 Rf8 23. Bxh6 0-0-0 24. Rxf7 Rxf7 25. exf7 Kc7 26. f8Q 1-0

[Event "Barcelona Sant Marti op-B 5th"]
[Site "Barcelona"]
[Date "2016.02.04"]
[Round "4"]
[White "Febrero Perez, Lluis"]
[Black "Llombart Baiges, Jaime"]
[Result "1-0"]
[WhiteElo "1545"]
[BlackElo "1733"]
[PlyCount "57"]
[EventDate "2016.01.14"]
[EventType "swiss"]
[EventRounds "9"]
[EventCountry "ESP"]
[SourceTitle "EXT 2017"]
[Source "ChessBase"]
[SourceDate "2016.10.25"]
[SourceVersion "1"]
[SourceVersionDate "2016.10.25"]
[SourceQuality "1"]

1. e4 c5 2. Nf3 d6 3. Bb5+ Bd7 4. Qe2 g6 5. c3 Bg7 6. a4 a6 7. Bxd7+ Nxd7 8. Na3 Qc7 9. d4 h6 10. Bf4 g5 11. Bg3 g4 12. Nh4 cxd4 13. Nf5 Be5 14. cxd4 Qa5+ 15. Kf1 Bf6 16. Nc4 Qb4 17. Nfxd6+ Kf8 18. Qxg4 Nb6 19. Nxb6 Qxb6 20. Nf5 h5 21. Qd1 Rd8 22. e5 Bg5 23. h4 Nh6 24. Qxh5 Bd2 25. Rb1 Qb3 26. Kg1 Qd3 27. Rd1 e6 28. Nxh6 Rxh6 29. Qxh6+ 1-0

[Event "Barcelona Sant Marti op-B 5th"]
[Site "Barcelona"]
[Date "2016.01.21"]
[Round "2"]
[White "Llombart Baiges, Jaime"]
[Black "Rodriguez Guillen, Carlos"]
[Result "1-0"]
[WhiteElo "1733"]
[BlackElo "1724"]
[PlyCount "125"]
[EventDate "2016.01.14"]
[EventType "swiss"]
[EventRounds "9"]
[EventCountry "ESP"]
[SourceTitle "EXT 2017"]
[Source "ChessBase"]
[SourceDate "2016.10.25"]
[SourceVersion "1"]
[SourceVersionDate "2016.10.25"]
[SourceQuality "1"]

1. e4 e6 2. f4 d5 3. e5 c5 4. Nf3 Nc6 5. d4 cxd4 6. Bd3 Nge7 7. Nbd2 f5 8. Nb3 Bd7 9. Nfxd4 Qc7 10. Qh5+ g6 11. Qg5 Bg7 12. Nb5 Qb6 13. Nd6+ Kf8 14. Qg3 Nc8 15. Nxc8 Rxc8 16. Be3 Qc7 17. 0-0 Nb4 18. Bc5+ Kf7 19. Bxb4 Qb6+ 20. Bc5 Rxc5 21. Nxc5 Qxc5+ 22. Qf2 Qa5 23. a3 a6 24. b4 Qc7 25. Qa7 a5 26. Qf2 Bf8 27. Qd2 axb4 28. axb4 Qb6+ 29. Kh1 Bxb4 30. Qe2 Qc5 31. Rab1 Ra8 32. c3 Ba5 33. Rxb7 Qc8 34. Rfb1 Bxc3 35. h3 Ra4 36. Rb8 Qc5 37. Bb5 Bxb5 38. Qxb5 Qxb5 39. R1xb5 Ra7 40. R5b7+ Rxb7 41. Rxb7+ Kf8 42. Rxh7 d4 43. Rd7 Ke8 44. Rd6 Ke7 45. Kg1 Kf7 46. Kf1 Ke7 47. Ke2 Kf7 48. Kd3 Ke7 49. Kc4 Kf7 50. Kb5 g5 51. fxg5 d3 52. Rxd3 Bxe5 53. h4 Bf4 54. g3 Bc1 55. Kc6 e5 56. Rd1 Be3 57. Rd3 f4 58. gxf4 Bxf4 59. Kd5 Kg6 60. Ke4 Kh5 61. Rh3 Kg6 62. h5+ Kxg5 63. h6 1-0

[Event "Barcelona Primavera La Lira op 8th"]
[Site "Barcelona"]
[Date "2015.05.07"]
[Round "5"]
[White "Llombart Baiges, Jaime"]
[Black "Robla Carreiras, Xavier"]
[Result "1-0"]
[WhiteElo "1733"]
[BlackElo "1561"]
[PlyCount "59"]
[EventDate "2015.04.09"]
[EventType "swiss"]
[EventRounds "9"]
[EventCountry "ESP"]
[SourceTitle "CBM 166 Extra"]
[Source "ChessBase"]
[SourceDate "2015.06.18"]
[SourceVersion "1"]
[SourceVersionDate "2015.06.18"]
[SourceQuality "1"]

1. e4 c5 2. f4 a6 3. Nf3 e6 4. b3 Nf6 5. Nc3 Qc7 6. e5 Nd5 7. Nxd5 exd5 8. d4 c4 9. bxc4 dxc4 10. c3 b5 11. Qc2 d5 12. f5 Nc6 13. Be2 b4 14. 0-0 bxc3 15. a3 Rb8 16. f6 g6 17. Qxc3 h5 18. Bf4 Bh6 19. Bxh6 Rxh6 20. Rab1 Bf5 21. Rxb8+ Qxb8 22. Qe3 Rh8 23. Ng5 Qb3 24. Qf4 Nd8 25. Bd1 Qxa3 26. e6 Bxe6 27. Qc7 Qe3+ 28. Kh1 Bd7 29. Nf3 Ne6 30. Qb8+ 1-0

[Event "Tarragona Province-chB"]
[Site "Tarragona"]
[Date "2008.04.26"]
[Round "2"]
[White "Llombart Baiges, Jaime"]
[Black "Vilalta Sanchez, Eduard"]
[Result "1-0"]
[WhiteElo "1902"]
[BlackElo "1763"]
[PlyCount "47"]
[EventDate "2008.04.19"]
[EventType "swiss"]
[EventRounds "8"]
[EventCountry "ESP"]
[SourceTitle "EXT 2019"]
[Source "ChessBase"]
[SourceDate "2018.10.10"]
[SourceVersion "1"]
[SourceVersionDate "2018.10.10"]
[SourceQuality "1"]

1. e4 e5 2. f4 d6 3. Nf3 Nc6 4. Bb5 Bd7 5. 0-0 Nf6 6. d3 exf4 7. Bxf4 Be7 8. Nc3 0-0 9. Qd2 a6 10. Bxc6 Bxc6 11. Nd4 Bd7 12. Rae1 Nh5 13. Nf5 Bxf5 14. exf5 Nxf4 15. Qxf4 Bg5 16. Qg4 Bd2 17. f6 g6 18. Re7 Re8 19. Nd5 c6 20. Rxe8+ Qxe8 21. Ne7+ Kh8 22. Rf3 Bh6 23. Rh3 Bf8 24. Qh4 1-0